000 03345nam0a2200445 4500
001 RU\NLR\BIBL_A\022360559
005 20250123160626.0
010 _a978-5-7422-8366-9
_950
021 _aRU
_bКН-П-24-053257
_9КН-П-24-5301
035 _a(NLR Aleph) 022360559
090 _a13326996
_c13326996
100 _a20241022d2024 u y0rusy50 ca
101 0 _arus
_deng
102 _aRU
105 _aa j 000yy
181 0 _ai3
_baxxe
182 0 _an
200 1 _aКабели энергетического назначения и кабельная арматура
_dEnergy cables and cable fittings
_eосновы теории, методы анализа, испытания
_eконспект лекций
_eдля студентов вузов, обучающихся по направлениям подготовки бакалавриата 13.03.02 "Электроэнергетика и электротехника", 13.03.03 "Энергетическое машиностроение"
_fГ. В. Грешняков, В. О. Белько, С. Д. Дубицкий [и др.]
_gМинистерство науки и высшего образования Российской Федерации, Санкт-Петербургский политехнический университет Петра Великого, Институт энергетики, Высшая школа высоковольтной энергетики
_zeng
203 _aТекст
_bвизуальный
_cнепосредственный
210 _aСанкт-Петербург
_cПолитех-пресс
_cСанкт-Петербургский политехнический университет Петра Великого
_d2024
215 _a118, [1] с.
_cил., цв. ил., табл.
_d20
300 _aАвт. также на англ. яз.: G. V. Greshnyakov, V. O. Belko, S. D. Dubitskij [et al.]
300 _aАвт. указаны на обороте тит. с.
300 _aРез. на англ. яз.
320 _aБиблиогр.: с. 118-119 (29 назв.)
510 1 _aEnergy cables and cable fittings
_zeng
606 1 _aСиловые кабели
_jУчебные издания для высших учебных заведений
_92317007
_3RU\NLR\AUTH\661386354
606 1 _aКабельная арматура
_jУчебные издания для высших учебных заведений
_91250196
_3RU\NLR\AUTH\66194709
606 1 _aКабельные муфты
_jУчебные издания для высших учебных заведений
_91222494
_3RU\NLR\AUTH\66497595
686 1 _aЗ232.32я73-2
686 1 _aЗ279.03-046я73-2
701 1 _aГрешняков
_bГ. В.
_gГеоргий Викторович
701 1 _aБелько
_bВ. О.
_gВиктор Олегович
701 1 _aДубицкий
_bС. Д.
_gСемён Давидович
712 0 2 _4570
_aСанкт-Петербургский политехнический университет Петра Великого
_bИнститут энергетики
_bВысшая школа высоковольтной энергетики
_9814664
_3RU\NLR\AUTH\880574263
942 _cBOOK
980 _aNB